<?xml version="1.0" encoding="UTF-8"?>
<record
    xmlns:xsi="http://www.w3.org/2001/XMLSchema-instance"
    xsi:schemaLocation="http://www.loc.gov/MARC21/slim http://www.loc.gov/standards/marcxml/schema/MARC21slim.xsd"
    xmlns="http://www.loc.gov/MARC21/slim">

  <leader>     nam a22     7a 4500</leader>
  <datafield tag="999" ind1=" " ind2=" ">
    <subfield code="c">21018</subfield>
    <subfield code="d">21018</subfield>
  </datafield>
  <controlfield tag="008">170120b        xxu||||| |||| 00| 0 eng d</controlfield>
  <datafield tag="050" ind1=" " ind2=" ">
    <subfield code="a">NA730</subfield>
    <subfield code="b">.M6M5 1952</subfield>
  </datafield>
  <datafield tag="100" ind1=" " ind2=" ">
    <subfield code="a">Torbert,Donald R.</subfield>
  </datafield>
  <datafield tag="245" ind1=" " ind2=" ">
    <subfield code="a">A century of Minnesota architecture. Organized by the Minneapolis Institue of Arts as a contribution to the Minnesota Statehood Centennial for showings at the Minneapolis Institute of Arts, Rochester Art Center, Winona County Art Committee, the Saint Paul Gallery and School of Art, Tweed Gallery of the University of Minnesota, Duluth Branch./</subfield>
    <subfield code="c">Donald R. Torbert</subfield>
  </datafield>
  <datafield tag="260" ind1=" " ind2=" ">
    <subfield code="a">Minneapolis :</subfield>
    <subfield code="b"> Minneapolis Society of Fine Arts, </subfield>
    <subfield code="c">c1952</subfield>
  </datafield>
  <datafield tag="300" ind1=" " ind2=" ">
    <subfield code="a">78p. :</subfield>
    <subfield code="b">ill. ;</subfield>
    <subfield code="c">26cm.</subfield>
  </datafield>
  <datafield tag="650" ind1=" " ind2=" ">
    <subfield code="a"> Architecture. </subfield>
  </datafield>
  <datafield tag="942" ind1=" " ind2=" ">
    <subfield code="2">lcc</subfield>
    <subfield code="c">BOOKS</subfield>
    <subfield code="h">NA730 .M6M5 1952</subfield>
  </datafield>
</record>
